<?xml version="1.0" encoding="UTF-8"?>
<record
    xmlns:xsi="http://www.w3.org/2001/XMLSchema-instance"
    xsi:schemaLocation="http://www.loc.gov/MARC21/slim http://www.loc.gov/standards/marcxml/schema/MARC21slim.xsd"
    xmlns="http://www.loc.gov/MARC21/slim">

  <leader>01619nam a22002297a 4500</leader>
  <controlfield tag="005">20140606130218.0</controlfield>
  <controlfield tag="008">110623s2010    ck a   gr     00010 spa d</controlfield>
  <datafield tag="020" ind1=" " ind2=" ">
    <subfield code="a">9789588536194</subfield>
  </datafield>
  <datafield tag="041" ind1="0" ind2=" ">
    <subfield code="a">spa</subfield>
  </datafield>
  <datafield tag="044" ind1=" " ind2=" ">
    <subfield code="a">ck</subfield>
  </datafield>
  <datafield tag="082" ind1="0" ind2="4">
    <subfield code="a">301.243 </subfield>
    <subfield code="b">C56c</subfield>
  </datafield>
  <datafield tag="110" ind1="2" ind2=" ">
    <subfield code="a">Colombia. </subfield>
    <subfield code="b">Ministerio de Agricultura y Desarrollo Rural.</subfield>
    <subfield code="9">6763</subfield>
  </datafield>
  <datafield tag="245" ind1="1" ind2="0">
    <subfield code="a">Ciencia y tecnologia para la competitividad del sector agropecuario 2002-2010 : </subfield>
    <subfield code="b">resultados de algunos proyectos cofinanciados por el Ministerio de Agricultura y Desarrollo Rural. Direcci&#xF3;n de Desarrollo Tecnol&#xF3;gico y Protecci&#xF3;n Sanitaria</subfield>
  </datafield>
  <datafield tag="260" ind1=" " ind2=" ">
    <subfield code="a">Bogot&#xE1;</subfield>
    <subfield code="b">Ministerio de Agricultura, </subfield>
    <subfield code="c">2010.</subfield>
  </datafield>
  <datafield tag="300" ind1=" " ind2=" ">
    <subfield code="a">197 p. : </subfield>
    <subfield code="b">il. col. ; </subfield>
    <subfield code="c">30 cm. + </subfield>
    <subfield code="e">1 cd-rom. CID-034473</subfield>
  </datafield>
  <datafield tag="505" ind1=" " ind2=" ">
    <subfield code="a">Agricultura y cambio clim&#xE1;tico (9) -- Arroz y su industria (17) -- Biocombustible biodiesel (25) -- cacao y su industria (37) -- camar&#xF3;n de cultivo y su industria (41) -- ca&#xF1;a panelera y panela (45) -- carne bovina (51) -- caucho y su industria (55) --fique y su industria (61) -- forestal y su industria (69) -- frutales y su industria (99) --guadua y su industria (125) -- hortalizas y su industria (131) -- l&#xE1;cteos (139) -- palma y su industria (157) -- papa y su industria (171) -- pesca artesanal e industria (175) -- piscicultura y su industria (189) -- plantas aromaticas y aceites escenciales (193)</subfield>
  </datafield>
  <datafield tag="650" ind1=" " ind2="4">
    <subfield code="a">Desarrollo cient&#xED;fico y tecnol&#xF3;gico</subfield>
    <subfield code="z"> Colombia.</subfield>
    <subfield code="9">24355</subfield>
  </datafield>
  <datafield tag="650" ind1=" " ind2=" ">
    <subfield code="a">Ciencia y tecnolog&#xED;a</subfield>
    <subfield code="z"> Colombia.</subfield>
    <subfield code="9">24356</subfield>
  </datafield>
  <datafield tag="650" ind1=" " ind2="4">
    <subfield code="a">Pol&#xED;tica cient&#xED;fica</subfield>
    <subfield code="z"> Colombia</subfield>
    <subfield code="y"> 2002-2010.</subfield>
    <subfield code="9">24357</subfield>
  </datafield>
  <datafield tag="650" ind1=" " ind2="4">
    <subfield code="a">Pol&#xED;tica tecnol&#xF3;gica</subfield>
    <subfield code="z"> Colombia.</subfield>
    <subfield code="9">24358</subfield>
  </datafield>
  <datafield tag="942" ind1=" " ind2=" ">
    <subfield code="2">ddc</subfield>
    <subfield code="c">Impreso</subfield>
  </datafield>
  <datafield tag="999" ind1=" " ind2=" ">
    <subfield code="c">8472</subfield>
    <subfield code="d">8472</subfield>
  </datafield>
  <datafield tag="952" ind1=" " ind2=" ">
    <subfield code="0">0</subfield>
    <subfield code="1">0</subfield>
    <subfield code="2">ddc</subfield>
    <subfield code="4">0</subfield>
    <subfield code="7">0</subfield>
    <subfield code="8">GENERAL</subfield>
    <subfield code="I">INV2017</subfield>
    <subfield code="a">Bogota</subfield>
    <subfield code="b">Bogota</subfield>
    <subfield code="d">2014-06-06</subfield>
    <subfield code="e">Instituto</subfield>
    <subfield code="g">39000.00</subfield>
    <subfield code="l">0</subfield>
    <subfield code="o">LB-301.243  C56c</subfield>
    <subfield code="p">034472</subfield>
    <subfield code="r">2014-06-06 00:00:00</subfield>
    <subfield code="t">Ej. 1</subfield>
    <subfield code="w">2014-06-06</subfield>
    <subfield code="x">Donaci&#xF3;n</subfield>
    <subfield code="y">LIBRO</subfield>
  </datafield>
  <datafield tag="952" ind1=" " ind2=" ">
    <subfield code="0">0</subfield>
    <subfield code="1">0</subfield>
    <subfield code="2">ddc</subfield>
    <subfield code="4">0</subfield>
    <subfield code="7">0</subfield>
    <subfield code="8">MEDIOSM</subfield>
    <subfield code="a">Bogota</subfield>
    <subfield code="b">Bogota</subfield>
    <subfield code="d">2014-06-06</subfield>
    <subfield code="l">0</subfield>
    <subfield code="o">LB-301.243  C56c</subfield>
    <subfield code="p">034473</subfield>
    <subfield code="r">2014-06-06 00:00:00</subfield>
    <subfield code="t">Ej. 2</subfield>
    <subfield code="w">2014-06-06</subfield>
    <subfield code="x">Donaci&#xF3;n</subfield>
    <subfield code="y">CD-ROM</subfield>
    <subfield code="z">Anexo al ejemplar 1 que es libro principal</subfield>
  </datafield>
</record>
